| 000 | 00466nam a2200169Ia 4500 | ||
|---|---|---|---|
| 008 | 130318s9999 xx 000 0 und d | ||
| 020 | _a521616441 | ||
| 082 | _a577.22 JIA/K;1 | ||
| 100 | _aJianguo Wu | ||
| 245 | _aKey topics in landscape ecology | ||
| 260 |
_bCambridge University Press _aUK _c2007 |
||
| 300 | _a397 | ||
| 650 | _aLANDSCAPE ECOLOGY | ||
| 650 | _aLANDSCAPE PATTERN OPTIMIZATION | ||
| 650 | _aSPATIAL PATTERN ANALYSIS | ||
| 700 | _aHobbs, Richard J | ||
| 999 |
_c2537 _d2537 |
||